Системное проектирование содержания подготовки инженеров в области высоких технологий; Инженерное образование; № 1
| Parent link: | Инженерное образование: электронный научный журнал/ Ассоциация инженерного образования России (АИОР).— : [Б. и.], 2003-.— 1810-2883 № 1.— 2003.— [С. 32-38] |
|---|---|
| Автор: | |
| Інші автори: | |
| Резюме: | Заглавие с титульного листа The paper is based on the issues of high technology engineering education in the context of emerging intelligent economics. The analysis of the issues covers the fundamental features of a new technology set up (system) that influence significantly the engineering curricula. The definitions are given to the following notions: high technology and an engineer specialized in the high technology area. Discussed are the ways of solving existing problems of high technology engineering education. The paper suggests that the fundamental educational approach, engineers' innovation thinking formation and special training in technology transfer are vital for reorganization of the engineering education curriculum. |
| Мова: | Російська |
| Опубліковано: |
2003
|
| Серія: | Проектирование систем инженерного образования |
| Предмети: | |
| Онлайн доступ: | https://old.aeer.ru/files/io/m1/Agranovich_Chudinov.pdf |
| Формат: | Електронний ресурс Частина з книги |
| KOHA link: | https://koha.lib.tpu.ru/cgi-bin/koha/opac-detail.pl?biblionumber=506059 |
MARC
| LEADER | 00000naa2a2200000 4500 | ||
|---|---|---|---|
| 001 | 506059 | ||
| 005 | 20250520152629.0 | ||
| 035 | |a (RuTPU)RU\TPU\prd\176919 | ||
| 035 | |a RU\TPU\prd\176838 | ||
| 090 | |a 506059 | ||
| 100 | |a 20130429d2003 k y0rusy50 ca | ||
| 101 | 0 | |a rus | |
| 102 | |a RU | ||
| 135 | |a drnn ---uucaa | ||
| 181 | 0 | |a i | |
| 182 | 0 | |a b | |
| 200 | 1 | |a Системное проектирование содержания подготовки инженеров в области высоких технологий |b Электронный ресурс |f Б. Л. Агранович, В. Н. Чудинов | |
| 203 | |a Текст |c электронный | ||
| 215 | |a 1 файл (2352 Кб) | ||
| 225 | 1 | |a Проектирование систем инженерного образования | |
| 230 | |a Электронные текстовые данные (1 файл : 2352 Кб) | ||
| 300 | |a Заглавие с титульного листа | ||
| 320 | |a [Библиогр.: с. 38 (4 назв.)] | ||
| 330 | |a The paper is based on the issues of high technology engineering education in the context of emerging intelligent economics. The analysis of the issues covers the fundamental features of a new technology set up (system) that influence significantly the engineering curricula. The definitions are given to the following notions: high technology and an engineer specialized in the high technology area. Discussed are the ways of solving existing problems of high technology engineering education. The paper suggests that the fundamental educational approach, engineers' innovation thinking formation and special training in technology transfer are vital for reorganization of the engineering education curriculum. | ||
| 337 | |a Adobe Reader | ||
| 461 | 1 | |0 (RuTPU)RU\TPU\prd\176632 |x 1810-2883 |t Инженерное образование |o электронный научный журнал |f Ассоциация инженерного образования России (АИОР) |n [Б. и.] |d 2003- | |
| 463 | 1 | |0 (RuTPU)RU\TPU\prd\176674 |t № 1 |v [С. 32-38] |d 2003 | |
| 610 | 1 | |a инженерное образование | |
| 610 | 1 | |a системы | |
| 610 | 1 | |a системное проектирование | |
| 610 | 1 | |a инженеры | |
| 610 | 1 | |a подготовка | |
| 610 | 1 | |a высокие технологии | |
| 610 | 1 | |a труды учёных ТПУ | |
| 610 | 1 | |a электронный ресурс | |
| 700 | 1 | |a Агранович |b Б. Л. |c специалист в области радиотехники |c профессор Томского политехнического университета, кандидат технических наук |f 1938- |g Борис Львович |2 stltpush |3 (RuTPU)RU\TPU\pers\22706 | |
| 701 | 1 | |a Чудинов |b В. Н. |c российский ученый в области автоматизированных систем управления |c доцент Томского политехнического университета |f 1941- |g Владимир Николаевич |2 stltpush |3 (RuTPU)RU\TPU\pers\18594 | |
| 801 | 1 | |a RU |b 63413507 |c 20090623 |g PSBO | |
| 801 | 2 | |a RU |b 63413507 |c 20160310 |g PSBO | |
| 856 | 4 | |u https://old.aeer.ru/files/io/m1/Agranovich_Chudinov.pdf | |
| 942 | |c BK | ||